00846nam a2200241 a 450000100060000000300080000600500170001400800410003102000150007202000210008703500190010804000270012704100080015408200300016210000220019224501470021426000520036130000350041350400640044865000260051270000320053870000340057057680BD-RjUL20211209080536.0161211s2002 enka b 001 0 eng  a052180423X a0521009545 (pb.) a(BD-RjUL)57804 aDLCcDLCdBD-RjULbeng aeng 223bBEH 2002a305.24209731 aBengtson, Vern L.10aHow families still matter :ba longitudinal study of youth in two generations /cVern L. Bengtson, Timothy J. Biblarz and Robert E.L. Roberts. aNew York :bCambridge University Press,cc2002. axxii, 215 p. :bill. ;c24 cm. aIncludes bibliographical references (p. 187-203) and index. 0aFamilyzUnited states1 aBiblarz, Timothy J.,d1962-1 aRoberts, Robert E. L.,d1956-